| 000 | 00626nam a22002177a 4500 | ||
|---|---|---|---|
| 942 | _cBK | ||
| 999 |
_c620 _d620 |
||
| 005 | 20250420134818.0 | ||
| 008 | 200813b ||||| |||| 00| 0 eng d | ||
| 020 | _a9781843980506 | ||
| 040 | _cKCST | ||
| 082 |
_a658.3124 _bHa Le |
||
| 100 |
_a Harrison, Rosemary _95100 |
||
| 245 |
_aLearning and development / _cRosemary Harrison |
||
| 250 | _a4th edition | ||
| 260 |
_aLondon : _bChartered Institute of Personnel and Development, _c2005. |
||
| 300 | _a389 p. | ||
| 650 |
_aPersonnel management. _9393 |
||
| 650 |
_aEmployees -- Training of. _95101 |
||
| 650 |
_aCareer development. _9914 |
||
| 942 | _2ddc | ||